Моделирование и оптимизация процессов разделения изотопов и деионизации растворов электромембранными и обратноосмотическими методами; Изотопы: технологии, материалы и применение

Bibliografiske detaljer
Parent link:Изотопы: технологии, материалы и применение.— 2014.— [С. 62-64]
Hovedforfatter: Дрогалев А. С.
Institution som forfatter: Национальный исследовательский Томский политехнический университет (ТПУ) Физико-технический институт (ФТИ) Кафедра химической технологии редких, рассеянных и радиоактивных элементов (№ 43) (ХТРЭ)
Andre forfattere: Балашков В. С. (научный руководитель), Вергун А. П. Анатолий Павлович
Summary:Заглавие с титульного экрана
Sprog:russisk
Udgivet: 2014
Serier:Селекция и глубокая очистка трудно разделяемых веществ физико-химическими методами
Fag:
Online adgang:http://earchive.tpu.ru/handle/11683/69729
http://www.lib.tpu.ru/fulltext/c/2014/C84/027.pdf
Format: MixedMaterials Electronisk Book Chapter
KOHA link:https://koha.lib.tpu.ru/cgi-bin/koha/opac-detail.pl?biblionumber=609669

MARC

LEADER 00000naa2a2200000 4500
001 609669
005 20260325131946.0
035 |a (RuTPU)RU\TPU\conf\7164 
035 |a RU\TPU\conf\7163 
090 |a 609669 
100 |a 20141125d2014 k y0rusy50 ca 
101 0 |a rus 
102 |a RU 
135 |a drgn ---uucaa 
181 0 |a i  
182 0 |a b 
200 1 |a Моделирование и оптимизация процессов разделения изотопов и деионизации растворов электромембранными и обратноосмотическими методами  |f А. С. Дрогалев, В. С. Балашков  |g науч. рук. А. П. Вергун 
203 |a Текст  |c электронный 
225 1 |a Селекция и глубокая очистка трудно разделяемых веществ физико-химическими методами 
300 |a Заглавие с титульного экрана 
337 |a Adobe Reader 
463 0 |0 (RuTPU)RU\TPU\conf\6940  |t Изотопы: технологии, материалы и применение  |o материалы Международной научной конференции молодых ученых, аспирантов и студентов, г. Томск, 20-24 октября 2014 г.  |f Национальный исследовательский Томский политехнический университет (ТПУ)  |v [С. 62-64]  |d 2014 
610 1 |a труды учёных ТПУ 
610 1 |a электронный ресурс 
610 1 |a моделирование 
610 1 |a оптимизация процессов 
610 1 |a разделение 
610 1 |a изотопы 
610 1 |a деионизация 
610 1 |a растворы 
610 1 |a электромембранные методы 
610 1 |a обратноосмотические методы 
610 1 |a изотопные минералы 
700 1 |a Дрогалев  |b А. С. 
701 1 |a Балашков  |b В. С. 
702 1 |a Вергун  |b А. П.  |c физик  |c профессор Томского политехнического университета, доктор физико-математических наук  |f 1938-  |g Анатолий Павлович  |4 727 
712 0 2 |a Национальный исследовательский Томский политехнический университет (ТПУ)  |b Физико-технический институт (ФТИ)  |b Кафедра химической технологии редких, рассеянных и радиоактивных элементов (№ 43) (ХТРЭ)  |3 (RuTPU)RU\TPU\col\18733 
801 2 |a RU  |b 63413507  |c 20141124  |g RCR 
801 2 |a RU  |b 63413507  |c 20220221  |g RCR 
856 4 |u http://earchive.tpu.ru/handle/11683/69729 
856 4 |u http://www.lib.tpu.ru/fulltext/c/2014/C84/027.pdf 
942 |c BK